Artes de México : charrería /

Número dedicado a reflexionar sobre los rasgos culturales que definen a la charrería, así como el papel que ella ha desempeñado en distintos momentos de la historia del país, en términos de construcción de la identidad nacional. Se aborda el agotamiento del símbolo -tras su exaltación apoteósica en...

Descripción completa

Guardado en:
Detalles Bibliográficos
Otros autores: Ruy Sánchez, Alberto (dirección) (dirección)
Formato: Libro
Idioma:Español
Temas:
Etiquetas: Agrega una etiqueta
Sin etiquetas, Sé el primero en etiquetar este registro!

MARC

LEADER 00000nam^a2200000^a^4500
001 000118867
005 20250521000000.0
009 20260310094255.296
020 |a 970-683-007-3 
037 |a Acervo ITESO - Biblioteca 
041 |a ESP 
082 |a 700. 5  |b ART V. 50b 
240 1 1 |a [Artes de México] 
245 1 0 |a Artes de México :  |b charrería /  |c Dir. de A. Ruy Sánchez. 
264 |a México :  |b Artes de México,  |c 1999 
300 |a 96, 11 p. 
336 |a texto  |b txt  |2 rdacontenido 
337 |a sin mediación  |b n  |2 rdamedio 
338 |a volumen  |b nc  |2 rdasoporte 
520 |a Número dedicado a reflexionar sobre los rasgos culturales que definen a la charrería, así como el papel que ella ha desempeñado en distintos momentos de la historia del país, en términos de construcción de la identidad nacional. Se aborda el agotamiento del símbolo -tras su exaltación apoteósica en el cine de la llamada época de oro-, pero también su vitalidad en ciertas regiones del país, como Los Altos de Jalisco. 
649 |a XX 
650 |a Arte -  |x Publicaciones Periódicas Mexicanas 
650 |a Charrería 
650 |a Prácticas Culturales -  |z México 
650 |a Identidad Cultural -  |z México 
650 |a Antropología Cultural 
650 |a Sociología de la Cultura 
650 |a Publicaciones Periódicas Mexicanas 
700 |a Ruy Sánchez, Alberto  |e (dirección) 
910 |a Fondo General 
920 |a Impresos - Libros 
930 |a Reserva Especial 
905 |a 103 
901 |a 0500053673  |b IT1  |c REE  |u 20250521 
902 |a https://opac.biblio.iteso.mx/vufind/Record/000118867